| 000 | 00928nam a2200325Ia 4500 | ||
|---|---|---|---|
| 001 | Z_6511 | ||
| 003 | CHAP | ||
| 008 | 220113s9999 xx 000 0 und d | ||
| 010 | _a169778 | ||
| 020 | _a968-22-0307-4 \ 968-22-0152-7 (obra completa) | ||
| 040 | _cCHAP | ||
| 082 | _a823.8 C66 L67 | ||
| 100 |
_aConrad, Joseph, 1857-1924 _9145016 |
||
| 240 | _aLord Jim | ||
| 245 |
_aLord Jim / _cJoseph Conrad; traducción Ramón D. Peres |
||
| 260 |
_aMéxico : _bArtemisa, _c |
||
| 300 | _a380 p. | ||
| 440 |
_a(Best sellers gran premier; 35) _9145017 |
||
| 500 | _aTraducción de la obra en inglés: Lord Jim | ||
| 503 | _aej.1: donación 2013 | ||
| 650 |
_aLiteratura inglesa _x _x Siglo XX _9145013 |
||
| 650 |
_aNovela inglesa _x _x Siglo XX _9145014 |
||
| 700 |
_aPeres, Ramón D., tr. _9145018 |
||
| 901 | _a823.8 C66 L67 | ||
| 902 | _aA | ||
| 910 | _a | ||
| 942 | _c1 | ||
| 942 | _cc1 | ||
| 999 |
_c169778 _d169778 |
||